000 00427nam a2200181Ia 4500
001 3301
005 20260306145633.0
008 260306t1999||||xx |||||||||||||| ||spa||
041 _aESP
082 _a268
_bJ81M T. 5 1999
100 _aJuan Pablo II
_eAUT
245 0 _aCatequésis sobre el credo:
_bla madre del redentor
260 _c1999
300 _a
_c
650 _aGEN
654 _aCHU
942 _cLIB
_dJUS
_fJUS
_2ddc
_n
999 _c3301
_d3301